000 00674nam a2200229Ia 4500
003 OSt
005 20220918192221.0
006 a|||||r|||| 00| 0
007 ta
008 220917b |||||||| |||| 00| 0 eng d
024 _a67,481
037 _cTextual
040 _aARTS
_cARTS
_beng
041 _2eng
_aeng
082 _aR3xM70x, J8
100 _aNishida K
_978645
245 0 _aIntelligibility and the philosophy of nothingness
_b three philosophical essays tr from the German by Robert Schinzinger
260 _aWestport
_bGreenwood
_c1958
300 _a251p.
_ccm.
942 _hR3xM70x, J8
_cTEXL
_2CC
999 _c193714
_d193714